Personnalités célèbres commençant par W - Statistiques

Statistiques générales
  • Ce quiz a été pris 65 fois
  • Le résultat moyen est 10 sur 16
Statistiques - réponses
Par images Réponse % Correct
Emma Watson
83%
Amy Winehouse
81%
Bruce Willis
80%
Christophe Willem
78%
Séréna Williams
78%
Pharrell Williams
71%
Wejdene
69%
Denzel Washington
64%
Victor Wembanyama
58%
Kate Winslet
56%
Lambert Wilson
56%
Laurent Wauquiez
54%
Conchita Wurst
44%
Alison Wheeler
42%
Delphine Wespiser
39%
Éric Woerth
34%
Aucun quiz correspondant
Distribution des résultats
% des personnes avec chaque résultat
Percentile par nombre de réponses
Votre historique - résultats
Vous n’avez pas pris ce quiz